Statistics for Mal's 'World Capitals Anagrams'

Click here to take the quiz!

General Stats

  • This quiz has been taken 114 times
    (92 since last reset)
  • The average score is 10 of 20

Answer Stats

HintAnswer% Correct
Bad SalamiIslamabad
76%
Mad MasterAmsterdam
72%
Nothing WasWashington
72%
Tie ViennaVientiane
66%
She AntAthens
65%
She Cat RubBucharest
62%
Red BagelBelgrade
60%
Noble MapBelmopan
56%
James RuleJerusalem
56%
Barn RaceCanberra
54%
Ear EnvyYerevan
54%
Held Wine **New Delhi
53%
Barbed Niagara Swan ***Bandar Seri Begawan
50%
Wrong BidetBridgetown
37%
Best EraserBasseterre
35%
Gay Malta Cutie **Guatemala City
35%
Pro Boy Terms **Port Moresby
32%
Naval Dollar Era ***Andorra La Vella
29%
Abuse Senior **Buenos Aires
26%
Inca OnusAsuncion
22%

Score Distribution

Percentile by Number Answered

Percent of People with Each Score

Your Score History

You have not taken this quiz since the last reset